000 00723nam a22001937a 4500
005 20170921103241.0
010 _aENG-120465
020 _a9788180386091
_c995.00
035 _aEN-103997
037 _bDBAD/PUB
082 _a344.730954
100 _aMudgal,Mukal
245 _aLaw & sports in India :
_cby Mukul Mudgal ; assisted by Vidushpat Singhania [and] Nitin Mishra
_bdevelopments, issues and challenges /
260 _aGurgaon
_bLexis Nexis Butterworths Wadhwa
_c2011
270 _a14th Floor, Building No.10,Tower-B,DLF Cyber City , Phase-II
_bGurgaon
_e122002
300 _axv,683p.
_c24cm(Hb)
500 _aIncludes bibliographical references and index
942 _2ddc
_cEN
_h344.730954
_mMUD
999 _c145074
_d145074